The ancient science and art of pranic crystal healing / (Record no. 122471)

MARC details
000 -LEADER
fixed length control field 00933nam a22002777a 4500
003 - CONTROL NUMBER IDENTIFIER
control field dpl
005 - DATE AND TIME OF LATEST TRANSACTION
control field 20180606162805.0
008 - FIXED-LENGTH DATA ELEMENTS--GENERAL INFORMATION
fixed length control field 180606b xxu||||| |||| 00| 0 eng d
010 ## - LIBRARY OF CONGRESS CONTROL NUMBER
LC control number A-994020
020 ## - INTERNATIONAL STANDARD BOOK NUMBER
International Standard Book Number 9788120722200
Terms of availability 250.00
035 ## - SYSTEM CONTROL NUMBER
System control number A-994020, A-994024
037 ## - SOURCE OF ACQUISITION
Source of stock number/acquisition Cen Lib/Ret
040 ## - CATALOGING SOURCE
Original cataloging agency dpl
Language of cataloging EN
Transcribing agency 0
082 ## - DEWEY DECIMAL CLASSIFICATION NUMBER
Classification number 615.852
100 ## - MAIN ENTRY--PERSONAL NAME
Personal name Sui, Chao Kok
9 (RLIN) 104382
245 ## - TITLE STATEMENT
Title The ancient science and art of pranic crystal healing /
Statement of responsibility, etc by Chao Kok Sui
260 ## - PUBLICATION, DISTRIBUTION, ETC. (IMPRINT)
Place of publication, distribution, etc New Delhi
Name of publisher, distributor, etc Stering Publishers
Date of publication, distribution, etc 2000
270 ## - ADDRESS
Address L-10,Geen Park extention
City New Delhi
Postal code 110016
300 ## - PHYSICAL DESCRIPTION
Extent 166p. :
Dimensions 20cm(pbk)
Other physical details ill.
500 ## - GENERAL NOTE
General note Includes index
650 ## - SUBJECT ADDED ENTRY--TOPICAL TERM
Topical term or geographic name as entry element Crystal healing- Science
9 (RLIN) 104383
650 ## - SUBJECT ADDED ENTRY--TOPICAL TERM
Topical term or geographic name as entry element Psychotherapy
9 (RLIN) 34846
650 ## - SUBJECT ADDED ENTRY--TOPICAL TERM
Topical term or geographic name as entry element क्रिस्टल हिलीग- विज्ञान
9 (RLIN) 1531
650 ## - SUBJECT ADDED ENTRY--TOPICAL TERM
Topical term or geographic name as entry element मनोचिकित्सा
9 (RLIN) 104384
942 ## - ADDED ENTRY ELEMENTS (KOHA)
Source of classification or shelving scheme Dewey Decimal Classification
Koha item type English Books
Classification part 615.852
Call number suffix SUI
Holdings
Withdrawn status Lost status Damaged status Not for loan Collection code Home library Current library Date acquired Source of acquisition Cost, normal purchase price Total Checkouts Full call number Barcode Date last seen Copy number Cost, replacement price Price effective from Koha item type Source of classification or shelving scheme Public note
      Not For Loan Reference Central Library Central Library 25/05/2015 Cen Lib/Ret 250.00   615.852 SUI A-994020 25/05/2015 1 250.00 25/05/2015 English Books    
        Non-fiction Sarojini Nagar Sarojini Nagar 28/03/2019       615.852 SUI A-994022 28/03/2019     28/03/2019 English Books Dewey Decimal Classification Withdrawn List Prepared L.No.13/17
        Non-fiction Shahdara Branch Shahdara Branch 06/06/2018 BPPD/PUB 250.00   615.852 SUI A-994024 06/06/2018   250.00 06/06/2018 English Books Dewey Decimal Classification  

© Delhi Public Library
Hit Counter
free hit counter